[Event "XXXIV Memorial Edoardo Crespi A"]
[Site "Milano ITA"]
[Date "2013.12.06"]
[Round "3"]
[White "Murli, Almerico"]
[Black "Saffioti, Cristian"]
[WhiteElo "1817"]
[BlackElo "1887"]
[Result "0-1"]
[PlyCount "57"]
[EventDate "2013.12.04"]

1. e4 d6 2. d4 Nf6 3. Nc3 e5 4. dxe5 dxe5 5. Qxd8+ Kxd8 6. Nf3 Bd6 7. h3 h6 8.
Be3 Be6 9. O-O-O Ke7 10. a3 Nbd7 11. Nd2 c6 12. Bc4 b5 13. Bxe6 fxe6 14. Ne2
Bc5 15. Bxc5+ Nxc5 16. f3 a5 17. b3 g5 18. Nf1 h5 19. Ne3 Rag8 20. b4 axb4 21.
axb4 Na6 22. c3 c5 23. Nc2 cxb4 24. cxb4 Rc8 25. Kb2 Rc4 26. Kb3 Rhc8 27. Rd2
R8c6 28. Ra1 Ne8 29. Ka3 0-1

[Event "XXXIV Memorial Edoardo Crespi A"]
[Site "Milano ITA"]
[Date "2013.12.06"]
[Round "3"]
[White "Oteri, Aldo"]
[Black "Virzi, Ettore"]
[WhiteElo "1776"]
[BlackElo "1973"]
[Result "0-1"]
[PlyCount "44"]
[EventDate "2013.12.04"]

1. e4 e5 2. Nf3 Nc6 3. Bb5 a6 4. Ba4 Nf6 5. d4 exd4 6. O-O Be7 7. e5 Ne4 8.
Nxd4 O-O 9. Nf5 d5 10. Bxc6 bxc6 11. Nxe7+ Qxe7 12. f3 Qc5+ 13. Kh1 Nf2+ 14.
Rxf2 Qxf2 15. Nd2 f6 16. exf6 Re8 17. f7+ Kxf7 18. Ne4 dxe4 19. Bd2 exf3 20.
Qxf3+ Qxf3 21. gxf3 Re2 22. Rd1 Bh3 0-1

[Event "XXXIV Memorial Edoardo Crespi A"]
[Site "Milano ITA"]
[Date "2013.12.06"]
[Round "3"]
[White "Paganini, Andrea"]
[Black "Laurino, Alberto"]
[WhiteElo "1878"]
[BlackElo "1787"]
[Result "1/2-1/2"]
[PlyCount "124"]
[EventDate "2013.12.04"]

1. e4 e6 2. d4 d5 3. e5 c5 4. Qg4 cxd4 5. Bd3 Nc6 6. Nf3 g6 7. O-O Bg7 8. Re1
Nh6 9. Qh3 Nf5 10. g4 Nfe7 11. Bh6 Bxh6 12. Qxh6 Kd7 13. Qf4 h6 14. Bb5 a6 15.
Bxc6+ bxc6 16. Qxd4 Bb7 17. Nc3 Ke8 18. Na4 Rb8 19. Re3 Bc8 20. Nc5 a5 21. Rd1
Rb4 22. c4 Qb6 23. Rb3 Rxb3 24. Nxb3 Qxd4 25. Nfxd4 a4 26. Nc5 g5 27. Rd3 Kd8
28. Ra3 dxc4 29. Rxa4 c3 30. bxc3 h5 31. Ra8 hxg4 32. Nb7+ Kc7 33. Nd6 Rh3 34.
Ra7+ Kd8 35. Nxf7+ Ke8 36. Nd6+ Kd8 37. Nxc8 Nxc8 38. Nxc6+ Ke8 39. Nd4 Rxc3
40. Ra6 Rd3 41. Nxe6 Ne7 42. Nxg5 Nd5 43. Ra4 Rd2 44. Rxg4 Rxa2 45. h4 Ke7 46.
h5 Kf8 47. h6 Kg8 48. Rd4 Ra5 49. e6 Kf8 50. h7 Kg7 51. Kh2 Nf6 52. h8=Q+ Kxh8
53. Rd8+ Kg7 54. Rd7+ Kg6 55. e7 Kxg5 56. Rb7 Ra2 57. Kg3 Re2 58. f4+ Kg6 59.
Kf3 Re1 60. Ra7 Kf7 61. Kg3 Nh5+ 62. Kg4 Nxf4 1/2-1/2

[Event "XXXIV Memorial Edoardo Crespi A"]
[Site "Milano ITA"]
[Date "2013.12.06"]
[Round "3"]
[White "Papale, Carmelo"]
[Black "Pedroni, Marco"]
[WhiteElo "1838"]
[BlackElo "1923"]
[Result "0-1"]
[PlyCount "134"]
[EventDate "2013.12.04"]

1. e4 e6 2. d4 d5 3. Nc3 Nf6 4. Bg5 Be7 5. e5 Nfd7 6. Bxe7 Qxe7 7. f4 a6 8. Nf3
c5 9. Be2 Nc6 10. Qd2 b5 11. O-O-O Nb6 12. dxc5 Qxc5 13. Nd4 Bd7 14. Nb3 Qe7
15. Bf3 O-O 16. Rhe1 Nc4 17. Qf2 b4 18. Nxd5 exd5 19. Bxd5 N4a5 20. Nxa5 Nxa5
21. Bxa8 Rxa8 22. Qb6 Nc6 23. Qc7 Be8 24. Qb6 Qa7 25. Qxa7 Rxa7 26. Rd6 Re7 27.
Re4 Re6 28. Rd5 f6 29. Rc5 fxe5 30. fxe5 Kf7 31. Kd2 h5 32. Ke3 g5 33. Kd3 Kg6
34. Re2 Ne7 35. Kd4 Bb5 36. Rf2 Nc6+ 37. Ke4 h4 38. Rf8 Ne7 39. Rf2 Bc6+ 40.
Kd4 Nf5+ 41. Kc4 Ne3+ 42. Kd3 Ng4 43. Rf8 Nxh2 44. Rf6+ Rxf6 45. exf6 Bxg2 46.
Rxg5+ Kxg5 47. f7 Nf1 48. f8=Q h3 49. Qg7+ Kf4 50. Qc7+ Kf3 51. Qf7+ Kg3 52.
Ke2 h2 53. Qg7+ Kf4 54. Qf6+ Kg4 55. Qd4+ Kg3 56. Qf2+ Kh3 57. Qf5+ Kg3 58.
Qg5+ Kh3 59. Kf2 h1=N+ 60. Ke1 Nhg3 61. Qh6+ Kg4 62. Qxa6 Bf3 63. Qc4+ Kh3 64.
Kf2 Ne4+ 65. Ke1 Ne3 66. Qa6 Ng2+ 67. Kf1 Kg3 0-1

[Event "XXXIV Memorial Edoardo Crespi A"]
[Site "Milano ITA"]
[Date "2013.12.06"]
[Round "3"]
[White "Pecorario, Stefano"]
[Black "Rossi, Giampiero"]
[WhiteElo "1800"]
[BlackElo "1900"]
[Result "0-1"]
[PlyCount "94"]
[EventDate "2013.12.04"]

1. e4 c5 2. Nf3 e6 3. d4 cxd4 4. Nxd4 a6 5. Nc3 Qc7 6. Be2 Nf6 7. O-O Bb4 8.
Qd3 d6 9. Qg3 O-O 10. Bh6 Ne8 11. Bd3 Bxc3 12. bxc3 Qxc3 13. Ne2 Qc7 14. Nf4
Kh8 15. Qh4 Rg8 16. Bg5 Nc6 17. e5 g6 18. Bf6+ Nxf6 19. exf6 Ne5 20. Rae1 Nxd3
21. Nxd3 e5 22. f4 Bf5 23. fxe5 Bxd3 24. cxd3 dxe5 25. Rf3 g5 26. Qh5 Rg6 27.
Rf5 Re8 28. Kh1 h6 29. d4 e4 30. Qd1 b6 31. Qb3 Qd7 32. g4 Re6 33. Qc3 Rc6 34.
Qb4 Qd6 35. Qxd6 Rxd6 36. Rxe4 Rgxf6 37. Rxf6 Rxf6 38. Kg2 Kg7 39. Kg3 Re6 40.
Kf3 Kf6 41. Rxe6+ Kxe6 42. Ke4 Kd6 43. Kf5 b5 44. Ke4 a5 45. Kd3 Kd5 46. Kc2
Kxd4 47. Kb3 Kc5 0-1

[Event "XXXIV Memorial Edoardo Crespi A"]
[Site "Milano ITA"]
[Date "2013.12.06"]
[Round "3"]
[White "Piantoni, Pierino"]
[Black "Beltrami, Francesco"]
[WhiteElo "1898"]
[BlackElo "1883"]
[Result "1-0"]
[PlyCount "109"]
[EventDate "2013.12.04"]

1. c4 c5 2. Nf3 Nf6 3. Nc3 Nc6 4. e3 d5 5. d4 cxd4 6. exd4 g6 7. Be2 Bg7 8. O-O
O-O 9. Re1 Re8 10. Bf4 a6 11. Ne5 Qb6 12. Nxc6 bxc6 13. b3 Qa5 14. Rc1 c5 15.
Bf3 cxd4 16. Bxd5 Nxd5 17. Nxd5 e5 18. Qxd4 Bb7 19. Bxe5 Bxd5 20. cxd5 f6 21.
Qc3 Qxd5 22. Bxf6 Rec8 23. Qb2 Rxc1 24. Rxc1 Bh6 25. Re1 Rf8 26. Qe5 Qxe5 27.
Bxe5 Bd2 28. Re2 Rc8 29. g3 Bb4 30. Kg2 Kf7 31. Bb2 Rc6 32. h3 Bd6 33. f4 Bb4
34. g4 Bd6 35. Kf3 Bb4 36. Be5 Ba3 37. Re4 Be7 38. Rc4 Re6 39. Rc7 h6 40. Ke4
Rb6 41. Kd5 Ke8 42. Rc6 Rb5+ 43. Ke6 a5 44. Bf6 Bxf6 45. Kxf6 Rb4 46. Kxg6 Rxf4
47. Rc5 a4 48. Re5+ Kd7 49. Kxh6 axb3 50. axb3 Rf3 51. h4 Rxb3 52. g5 Kd6 53.
Re4 Rb6 54. g6 Kd5 55. Re8 1-0

[Event "XXXIV Memorial Edoardo Crespi A"]
[Site "Milano ITA"]
[Date "2013.12.06"]
[Round "3"]
[White "Podetti, Davide"]
[Black "Bisignano, Giuseppe"]
[WhiteElo "1802"]
[BlackElo "1922"]
[Result "1/2-1/2"]
[PlyCount "92"]
[EventDate "2013.12.04"]

1. e4 e5 2. Nf3 Nc6 3. Bc4 Bc5 4. Nc3 d6 5. d3 h6 6. Be3 Bg4 7. h3 Bh5 8. g4
Bg6 9. Qd2 Nd4 10. Bxd4 exd4 11. Nd5 Nf6 12. Nf4 Bh7 13. g5 hxg5 14. Nxg5 O-O
15. Nxh7 Kxh7 16. O-O-O c6 17. Rhg1 a5 18. a3 Qe7 19. Kb1 b5 20. Ba2 b4 21. a4
b3 22. Bxb3 Rab8 23. f3 Nd7 24. h4 Ne5 25. Qg2 Rg8 26. Nh3 Kh8 27. f4 Nd7 28.
Ng5 Rgf8 29. Rde1 Bb4 30. Re2 Nc5 31. Qf3 g6 32. h5 Nxb3 33. cxb3 f6 34. Nh3 g5
35. Qg4 Rg8 36. fxg5 fxg5 37. Rf2 Rbf8 38. Rf5 Bd2 39. Rg2 Be3 40. Rg3 Rxf5 41.
Qxf5 Qf8 42. Qxf8 Rxf8 43. Nxg5 Rf1+ 44. Ka2 Rf2 45. Kb1 Rf1+ 46. Ka2 Rf2
1/2-1/2

[Event "XXXIV Memorial Edoardo Crespi A"]
[Site "Milano ITA"]
[Date "2013.12.06"]
[Round "3"]
[White "Saffioti, Massimo"]
[Black "Pedemonte, Claudio"]
[WhiteElo "1923"]
[BlackElo "1846"]
[Result "1/2-1/2"]
[PlyCount "100"]
[EventDate "2013.12.04"]

1. e4 d6 2. g3 g6 3. c4 Bg7 4. Nc3 Nc6 5. Nge2 h5 6. h3 Be6 7. d3 Nd4 8. Nxd4
Bxd4 9. Qb3 b6 10. Ne2 Bg7 11. d4 Bd7 12. Bg2 Rb8 13. a4 a5 14. Be3 e5 15.
O-O-O exd4 16. Nxd4 Ne7 17. f4 Nc6 18. Nb5 O-O 19. e5 Nb4 20. exd6 Bxb5 21.
dxc7 Qxc7 22. axb5 Rbd8 23. Kb1 Rfe8 24. Bd5 Re7 25. Bd2 Re2 26. Rhe1 Rh2 27.
Bc3 Rxh3 28. Bxb4 axb4 29. Qxb4 Rh2 30. Rd2 Rxd2 31. Qxd2 Qd7 32. Qe2 Qf5+ 33.
Qe4 Re8 34. Bxf7+ Kxf7 35. Qxf5+ gxf5 36. Rd1 Ke6 37. Kc2 Re7 38. Rh1 Kd6 39.
Rxh5 Re2+ 40. Kd3 Rxb2 41. Rxf5 Rb3+ 42. Ke4 Rxg3 43. Rd5+ Kc7 44. Kf5 Rc3 45.
Ke6 Bf8 46. Rd7+ Kc8 47. Rh7 Bc5 48. Rh8+ Kc7 49. Rh7+ Kb8 50. Rh8+ Kc7 1/2-1/2

[Event "XXXIV Memorial Edoardo Crespi A"]
[Site "Milano ITA"]
[Date "2013.12.06"]
[Round "3"]
[White "Sannino, Raffaele"]
[Black "Moreschi, Mauro"]
[WhiteElo "2018"]
[BlackElo "1811"]
[Result "1-0"]
[PlyCount "131"]
[EventDate "2013.12.04"]

1. Nf3 d6 2. c4 e5 3. d4 exd4 4. Nxd4 Nf6 5. Nc3 Be7 6. g3 c6 7. Bg2 Be6 8. b3
d5 9. O-O O-O 10. Bb2 Qd7 11. Nxe6 fxe6 12. e3 Na6 13. Qe2 Rad8 14. Rad1 Bb4
15. Nb1 Qf7 16. a3 Be7 17. b4 Nc7 18. Nd2 Nd7 19. Nb3 Nb6 20. Na5 Nxc4 21. Nxc4
dxc4 22. Rxd8 Rxd8 23. Qxc4 Nd5 24. Bh3 Bf6 25. Bxf6 Qxf6 26. e4 Nc7 27. Qc5
Qd4 28. Qe7 Qd6 29. Qh4 a5 30. Bg4 Re8 31. Rd1 Qe7 32. Qxe7 Rxe7 33. bxa5 Nb5
34. Rd3 Kf7 35. a4 Nc7 36. Be2 Na6 37. Rc3 Nb4 38. Rc4 Na6 39. Kg2 Rc7 40. e5
Ke7 41. Rg4 Kf8 42. Bxa6 bxa6 43. Kf3 Rf7+ 44. Ke3 Rd7 45. Rc4 Rd5 46. f4 Ke7
47. Rxc6 Rxa5 48. Rc7+ Kf8 49. Rc4 Kf7 50. Kd3 h5 51. Kc3 Rd5 52. Rd4 Rc5+ 53.
Kb3 a5 54. Rd6 Ke7 55. Rb6 Kd7 56. Rb7+ Rc7 57. Rxc7+ Kxc7 58. Kc3 g6 59. Kd4
Kc6 60. Kc4 Kb6 61. h3 h4 62. gxh4 Kc6 63. Kd4 Kb6 64. h5 gxh5 65. Ke4 Kc5 66.
f5 1-0

[Event "XXXIV Memorial Edoardo Crespi A"]
[Site "Milano ITA"]
[Date "2013.12.06"]
[Round "3"]
[White "Ventura, Salvatore"]
[Black "Spirliadis, Achileas"]
[WhiteElo "2024"]
[BlackElo "2053"]
[Result "1-0"]
[PlyCount "149"]
[EventDate "2013.12.04"]

1. e4 e6 2. d4 d5 3. e5 c5 4. c3 Nc6 5. Nf3 Bd7 6. Be2 Nge7 7. Na3 cxd4 8. cxd4
Nf5 9. Nc2 Rc8 10. O-O a6 11. Bd2 Be7 12. Bc3 Na7 13. a4 f6 14. Bd3 Nh6 15.
exf6 Bxf6 16. Ne5 O-O 17. Qh5 Qe8 18. Qxe8 Bxe8 19. Bb4 Bxe5 20. Bxf8 Bb8 21.
Bb4 Nc6 22. Bc3 Bg6 23. Bxg6 hxg6 24. Rfe1 Kf7 25. Re2 Nf5 26. Rae1 Re8 27. Rd1
Rh8 28. g3 Ba7 29. Kg2 Rc8 30. Red2 Nd6 31. f3 Ne7 32. Re2 Nef5 33. Ne3 Nxe3+
34. Rxe3 Nf5 35. Red3 Rc4 36. b3 Rc8 37. h4 Bb8 38. Be1 Rc2+ 39. R1d2 Rc1 40.
Bf2 Bd6 41. g4 Ne7 42. Re2 Nc6 43. Be3 Rb1 44. Bd2 Be7 45. Be1 Bd6 46. Bc3 Rxb3
47. Rb2 Rxb2+ 48. Bxb2 Ke7 49. Kf2 b5 50. axb5 axb5 51. Rd1 Bc7 52. Rc1 Kd7 53.
Rc5 b4 54. Rb5 Kc8 55. Ke3 Bd6 56. Bc1 Na7 57. Ra5 Kb7 58. Kd3 Kb6 59. Ra2 Nc6
60. Re2 e5 61. Bb2 exd4 62. Bxd4+ Nxd4 63. Kxd4 Bg3 64. Re6+ Kb5 65. Rxg6 Bxh4
66. g5 Be1 67. Kxd5 Bc3 68. Rc6 Bd2 69. Rc5+ Ka4 70. Kc4 Ka3 71. Ra5+ Kb2 72.
Rb5 Kc2 73. g6 Bc3 74. Rxb4 Bxb4 75. Kxb4 1-0

[Event "XXXIV Memorial Edoardo Crespi A"]
[Site "Milano ITA"]
[Date "2013.12.07"]
[Round "4"]
[White "Beltrami, Francesco"]
[Black "Ciciotti, Augusto"]
[WhiteElo "1883"]
[BlackElo "1934"]
[Result "0-1"]
[PlyCount "64"]
[EventDate "2013.12.04"]

1. Nf3 Nf6 2. g3 g6 3. Bg2 Bg7 4. O-O O-O 5. d4 d6 6. Re1 Nc6 7. c3 Bd7 8. d5
Ne5 9. Nxe5 dxe5 10. Nd2 Ne8 11. Qb3 Rb8 12. Ne4 b6 13. Be3 Nd6 14. Rad1 h6 15.
h4 Qe8 16. Nxd6 exd6 17. Qc2 f5 18. Qc1 Kh7 19. f4 Qe7 20. Kf2 Rbe8 21. Bd2 Rf7
22. e3 Bf6 23. Rh1 exf4 24. exf4 Qe2+ 25. Kg1 Rfe7 26. Kh2 Qd3 27. Rde1 Re2 28.
Rxe2 Rxe2 29. Be1 Qxd5 30. Rg1 Bc6 31. Kh3 Rxg2 32. g4 Qe4 0-1

[Event "XXXIV Memorial Edoardo Crespi A"]
[Site "Milano ITA"]
[Date "2013.12.07"]
[Round "4"]
[White "Bisignano, Giuseppe"]
[Black "Monticone, Sonia"]
[WhiteElo "1922"]
[BlackElo "1830"]
[Result "1/2-1/2"]
[PlyCount "182"]
[EventDate "2013.12.04"]

1. e4 c5 2. Nf3 e6 3. d4 cxd4 4. Nxd4 a6 5. Nc3 Qc7 6. Be2 Nf6 7. O-O d6 8. Be3
Nbd7 9. f4 b5 10. Bf3 Bb7 11. Qe1 b4 12. Na4 Qa5 13. b3 e5 14. Nf5 Bxe4 15. Bd2
d5 16. Bxe4 Nxe4 17. fxe5 Nxe5 18. Ng3 Bd6 19. Nxe4 dxe4 20. Qxe4 O-O 21. a3
Rab8 22. axb4 Bxb4 23. Bf4 Rb5 24. Nb2 Qb6+ 25. Kh1 Ng4 26. Nd3 Bc3 27. Ra4 a5
28. Rc4 Nf6 29. Qf3 Bb4 30. Rc6 Qb7 31. Bh6 Rb6 32. Rxb6 Qxb6 33. Be3 Qc7 34.
c4 Bd6 35. Bd4 Nd7 36. Qg4 Ne5 37. Nxe5 Bxe5 38. Re1 Bxd4 39. Qxd4 Rd8 40. Qe4
h6 41. g3 Qb6 42. Qf3 Qg6 43. Qc3 Qc6+ 44. Kg1 Qc5+ 45. Qe3 Qf5 46. Qe5 Qc2 47.
Qe3 Qg6 48. Qc3 Qb6+ 49. c5 Qb5 50. Qc2 Rc8 51. Rc1 Qc6 52. Qf5 Rb8 53. Rd1 g6
54. Qe5 Re8 55. Qc3 Qe4 56. c6 Qe2 57. Rc1 Qb5 58. Qc4 Qxc4 59. Rxc4 Rc8 60.
Kf2 Kf8 61. Ke3 Ke7 62. Kd4 Kd6 63. Rc5 Rxc6 64. Rxa5 Rb6 65. Ra3 f5 66. Kc4
Rc6+ 67. Kd4 Rb6 68. Ra4 g5 69. b4 h5 70. h4 gxh4 71. gxh4 Kc6 72. Kc4 Kd6 73.
Ra5 Ke6 74. b5 Kd7 75. Ra7+ Kd6 76. Rh7 Ke5 77. Rxh5 Rg6 78. Rg5 Rh6 79. Kc5
Rxh4 80. b6 Rh1 81. b7 Rc1+ 82. Kb6 Rb1+ 83. Kc7 Rc1+ 84. Kd7 Rb1 85. Kc8 Rc1+
86. Kd8 Rb1 87. Rg7 f4 88. Kc8 f3 89. b8=Q+ Rxb8+ 90. Kxb8 Ke4 91. Re7+ Kd3
1/2-1/2

[Event "XXXIV Memorial Edoardo Crespi A"]
[Site "Milano ITA"]
[Date "2013.12.07"]
[Round "4"]
[White "Blasco, Domenico"]
[Black "Podetti, Davide"]
[WhiteElo "1886"]
[BlackElo "1802"]
[Result "1/2-1/2"]
[PlyCount "46"]
[EventDate "2013.12.04"]

1. d4 Nf6 2. Nf3 e6 3. e3 c5 4. Bd3 Be7 5. O-O d5 6. b3 O-O 7. Bb2 b6 8. Ne5
Bb7 9. Nd2 Nbd7 10. f4 Ne4 11. Nxe4 dxe4 12. Bc4 Nf6 13. Qe2 a6 14. a4 Nd5 15.
Rad1 f5 16. dxc5 Bxc5 17. Bd4 Qc7 18. Bxc5 bxc5 19. Rd2 Rfd8 20. Rfd1 Rd6 21.
Qf2 Qe7 22. h3 Rad8 23. Qe1 g6 1/2-1/2

[Event "XXXIV Memorial Edoardo Crespi A"]
[Site "Milano ITA"]
[Date "2013.12.07"]
[Round "4"]
[White "Cerutti, Fabio Maria"]
[Black "Sannino, Raffaele"]
[WhiteElo "1772"]
[BlackElo "2018"]
[Result "1/2-1/2"]
[PlyCount "149"]
[EventDate "2013.12.04"]

1. e4 c5 2. Nc3 g6 3. g3 Bg7 4. Bg2 Nc6 5. d3 e6 6. Be3 d6 7. Qd2 Rb8 8. Nge2
b5 9. Nd1 Bd7 10. c3 b4 11. c4 Qb6 12. Qc1 Nge7 13. Bh6 Ne5 14. O-O Nxd3 15.
Qd2 Bxh6 16. Qxh6 Ne5 17. b3 Kd8 18. f4 N5c6 19. Qg7 Kc7 20. Qxf7 Rbf8 21. Qg7
Qb8 22. Ne3 Rfg8 23. Qb2 Qf8 24. Rad1 Qg7 25. Qd2 Nc8 26. f5 gxf5 27. exf5 Qe5
28. fxe6 Bxe6 29. Bd5 Rf8 30. Nf4 Bd7 31. Rfe1 Nd4 32. Bg2 Qg5 33. Ned5+ Kb8
34. Qd3 h5 35. Qg6 Rfg8 36. Qxg5 Rxg5 37. Nf6 Bf5 38. N4d5 h4 39. Re3 Bg4 40.
Nxg4 Rxg4 41. Rf1 hxg3 42. hxg3 Rhg8 43. Nf6 Rxg3 44. Nxg8 Rxe3 45. Rf7 Nb6 46.
Rb7+ Kc8 47. Rxa7 Re1+ 48. Kf2 Re2+ 49. Kf1 Re8 50. Ne7+ Kd8 51. Nc6+ Nxc6 52.
Bxc6 Rf8+ 53. Ke2 Nc8 54. Rd7+ Ke8 55. Rxd6+ Ke7 56. Rd5 Rh8 57. Bb5 Rh2+ 58.
Kd3 Rxa2 59. Rxc5 Nd6 60. Ba4 Ke6 61. Rd5 Rh2 62. Rg5 Rh3+ 63. Kd4 Rh4+ 64. Ke3
Rh3+ 65. Kf4 Rh4+ 66. Kf3 Rh3+ 67. Kg4 Rc3 68. Rh5 Rc1 69. c5 Ne4 70. Rh6+ Nf6+
71. Kf3 Rxc5 72. Rh4 Rc3+ 73. Ke2 Nd5 74. Kd2 Ke5 75. Rc4 1/2-1/2

[Event "XXXIV Memorial Edoardo Crespi A"]
[Site "Milano ITA"]
[Date "2013.12.07"]
[Round "4"]
[White "Darvishi, Mahmood"]
[Black "Ventura, Salvatore"]
[WhiteElo "2035"]
[BlackElo "2024"]
[Result "1-0"]
[PlyCount "69"]
[EventDate "2013.12.04"]

1. e4 c5 2. Nf3 Nc6 3. c3 Nf6 4. e5 Nd5 5. d4 cxd4 6. cxd4 d6 7. Bc4 e6 8. O-O
Be7 9. Nbd2 O-O 10. Ne4 dxe5 11. dxe5 Qc7 12. Bxd5 exd5 13. Nc3 d4 14. Nd5 Qd8
15. Nxe7+ Qxe7 16. Nxd4 Qxe5 17. Nxc6 bxc6 18. Re1 Qb5 19. b3 Be6 20. Bb2 Rfd8
21. Qc2 Rd3 22. Re5 Rd5 23. Rxd5 cxd5 24. Qc3 f6 25. Re1 Bf5 26. Re7 Qb6 27.
Qf3 Be4 28. Qg4 Bg6 29. Qd7 Rd8 30. Rxg7+ Kh8 31. Qe7 Re8 32. Rxh7+ Bxh7 33.
Bxf6+ Qxf6 34. Qxf6+ Kg8 35. f3 1-0

[Event "XXXIV Memorial Edoardo Crespi A"]
[Site "Milano ITA"]
[Date "2013.12.07"]
[Round "4"]
[White "Delledonne, Francesco"]
[Black "Pecorario, Stefano"]
[WhiteElo "1935"]
[BlackElo "1800"]
[Result "1-0"]
[PlyCount "63"]
[EventDate "2013.12.04"]

1. e4 e5 2. Nf3 Nc6 3. Bb5 a6 4. Ba4 d6 5. c3 Nf6 6. Qe2 Be7 7. O-O O-O 8. h3
Re8 9. d3 b5 10. Bc2 Bf8 11. Bg5 h6 12. Bh4 g5 13. Bg3 Ne7 14. d4 Ng6 15. dxe5
dxe5 16. Rd1 Qe7 17. Nbd2 Qc5 18. a4 Bb7 19. Nh2 Qc6 20. Ng4 Nxg4 21. Qxg4 Bc8
22. Qe2 Be6 23. axb5 axb5 24. Bd3 Qb6 25. Bxb5 c6 26. Ba4 Qxb2 27. Rab1 Qxc3
28. Rdc1 Qd4 29. Bxc6 Ra2 30. Bxe8 Rxd2 31. Qe3 Qd8 32. Bb5 1-0

[Event "XXXIV Memorial Edoardo Crespi A"]
[Site "Milano ITA"]
[Date "2013.12.07"]
[Round "4"]
[White "Dogic, Mirhad"]
[Black "Malescusi, Luciano"]
[WhiteElo "1801"]
[BlackElo "1884"]
[Result "0-1"]
[PlyCount "132"]
[EventDate "2013.12.04"]

1. d4 d6 2. f4 Nf6 3. e3 c6 4. Nf3 Bg4 5. Be2 e6 6. O-O Be7 7. Nbd2 h6 8. b3
Nbd7 9. Bb2 Nd5 10. Re1 Nxe3 11. Qc1 Nd5 12. c4 Nxf4 13. Bf1 d5 14. Ne5 Nxe5
15. dxe5 Bc5+ 16. Kh1 Be7 17. Qc3 Bf5 18. Qg3 g5 19. Nf3 h5 20. Rad1 h4 21. Qf2
Bb4 22. Nd2 h3 23. g3 Ng6 24. a3 Ba5 25. b4 Bb6 26. c5 Bc7 27. Ne4 Qe7 28. Nd6+
Kf8 29. Nxf5 exf5 30. Qxf5 Qe6 31. Bd3 Rg8 32. Qxe6 fxe6 33. Rf1+ Ke7 34. Rde1
Raf8 35. Bxg6 Rxf1+ 36. Rxf1 Rxg6 37. Bd4 g4 38. Kg1 Rg5 39. Re1 Rf5 40. Re2
Rf3 41. Ra2 Rd3 42. Ba1 Re3 43. Kf2 Rf3+ 44. Ke2 Rf5 45. Bd4 Bxe5 46. Bg1 Rf3
47. a4 Rb3 48. b5 Bc7 49. Be3 e5 50. Bg5+ Ke6 51. Kd1 d4 52. Rf2 Rf3 53. Rb2
Kd5 54. b6 axb6 55. cxb6 Bd6 56. Bd2 Ra3 57. a5 e4 58. Bf4 Rxa5 59. Rd2 Bxf4
60. gxf4 e3 61. Rb2 d3 62. Rb1 Ke4 63. Ke1 Kf3 64. Kf1 d2 65. Kg1 Rd5 66. Rf1+
Ke2 0-1

[Event "XXXIV Memorial Edoardo Crespi A"]
[Site "Milano ITA"]
[Date "2013.12.07"]
[Round "4"]
[White "Donadi, Luca"]
[Black "Piantoni, Pierino"]
[WhiteElo "1750"]
[BlackElo "1898"]
[Result "1/2-1/2"]
[PlyCount "84"]
[EventDate "2013.12.04"]

1. e4 e6 2. d4 d5 3. Nd2 Nc6 4. c3 dxe4 5. Nxe4 Nf6 6. Bg5 Be7 7. Nxf6+ Bxf6 8.
Bxf6 Qxf6 9. Nf3 O-O 10. Bd3 b6 11. Qc2 h6 12. O-O Bb7 13. Be4 Rab8 14. Rad1
Rfd8 15. Rd2 Rd6 16. Rfd1 Rbd8 17. h3 Qf4 18. g3 Qf6 19. Nh2 h5 20. Bf3 Nxd4
21. cxd4 Bxf3 22. Nxf3 Qxf3 23. Qxc7 R6d7 24. Qe5 Rd5 25. Qe3 Qf5 26. Kg2 Rc8
27. f4 b5 28. a3 a5 29. Rd3 Rd7 30. Qe5 Qxe5 31. fxe5 f6 32. exf6 gxf6 33. Kf3
Rd5 34. Rc3 Rxc3+ 35. bxc3 Kf7 36. Rb1 e5 37. Ke4 Ke6 38. dxe5 fxe5 39. a4 bxa4
40. Ra1 Rc5 41. Rxa4 Kf6 42. c4 Kg5 1/2-1/2

[Event "XXXIV Memorial Edoardo Crespi A"]
[Site "Milano ITA"]
[Date "2013.12.07"]
[Round "4"]
[White "Laurino, Alberto"]
[Black "Marincolo, Piercarlo"]
[WhiteElo "1787"]
[BlackElo "1905"]
[Result "0-1"]
[PlyCount "66"]
[EventDate "2013.12.04"]

1. e4 c5 2. Nf3 e6 3. d4 cxd4 4. Nxd4 a6 5. Nc3 Qc7 6. a3 Nf6 7. Bd3 Bc5 8. Nf3
Nc6 9. O-O Ng4 10. Ne2 b5 11. Bf4 Qb6 12. Bg3 Bb7 13. h3 Nh6 14. Bf4 O-O-O 15.
Bxh6 gxh6 16. Qd2 Rdg8 17. Nf4 Qc7 18. Kh1 Bd6 19. Nh5 f5 20. exf5 exf5 21.
Bxf5 Ne5 22. Nh4 Rg5 23. Ng3 Nc4 24. Qc1 Bxg3 25. fxg3 Qxg3 26. Bxd7+ Kxd7 27.
Qd1+ Kc8 28. Qe2 Qxh3+ 29. Kg1 Qxh4 30. Qe6+ Kb8 31. Rf2 Rhg8 32. Kf1 Rxg2 33.
Rxg2 Qh1+ 0-1

[Event "XXXIV Memorial Edoardo Crespi A"]
[Site "Milano ITA"]
[Date "2013.12.07"]
[Round "4"]
[White "Montilli, Vincenzo"]
[Black "D'Agostino, Maurizio"]
[WhiteElo "2039"]
[BlackElo "2024"]
[Result "1-0"]
[PlyCount "101"]
[EventDate "2013.12.04"]

1. d4 d5 2. c4 c6 3. Nc3 Nf6 4. Nf3 e6 5. e3 Nbd7 6. Qc2 Bd6 7. g4 Nxg4 8. Rg1
Nxh2 9. Nxh2 Bxh2 10. Rxg7 Qh4 11. e4 Bf4 12. exd5 Nf6 13. dxc6 bxc6 14. Bxf4
Qxf4 15. Ne2 Qh6 16. Rg3 Bd7 17. Bg2 Rc8 18. Qa4 Nh5 19. Re3 Rg8 20. Bf1 Nf4
21. Ng3 Qh2 22. Qxa7 Ng2+ 23. Bxg2 Qxg2 24. Qc5 Qg1+ 25. Nf1 Rg5 26. Qd6 Qh1
27. Qf4 Rg1 28. Ke2 Qh5+ 29. Qf3 Qg6 30. Rc1 e5 31. Rxe5+ Kf8 32. Kd2 Bg4 33.
Qe3 Be6 34. b3 Rd8 35. Ng3 Rxc1 36. Kxc1 Qg4 37. Re4 Qh3 38. Qg5 Ra8 39. a4 Rb8
40. Qc5+ Kg8 41. Re5 f6 42. Qd6 fxe5 43. Qxb8+ Kf7 44. Qxe5 Qg2 45. Ne4 Qg1+
46. Kd2 Bg4 47. Qf4+ Ke7 48. Qd6+ Kf7 49. Qf6+ Kg8 50. Qd8+ Kg7 51. Qe7+ 1-0

[Event "XXXIV Memorial Edoardo Crespi A"]
[Site "Milano ITA"]
[Date "2013.12.07"]
[Round "4"]
[White "Moreschi, Mauro"]
[Black "Paganini, Andrea"]
[WhiteElo "1811"]
[BlackElo "1878"]
[Result "1/2-1/2"]
[PlyCount "96"]
[EventDate "2013.12.04"]

1. e4 e5 2. Nc3 Nf6 3. f4 d5 4. fxe5 Nxe4 5. d3 Nc5 6. Qf3 d4 7. Ne4 Ne6 8. Qg3
Nc6 9. a3 Ne7 10. Nf3 Nf5 11. Qf2 Be7 12. g3 h5 13. h4 c5 14. Bh3 Nh6 15. O-O
Qd5 16. Bxh6 Rxh6 17. Bxe6 Bxe6 18. Nfg5 Rg6 19. Nxe6 Qxe6 20. Kh2 Rd8 21. Rae1
Rd5 22. Nd6+ Kd7 23. Qxf7 Qxf7 24. Rxf7 Ke6 25. Rff1 Bxd6 26. exd6+ Kxd6 27.
Rf7 Rf6 28. Rxg7 Rf2+ 29. Kg1 Rxc2 30. Rxb7 c4 31. dxc4 Rxc4 32. Rd1 d3 33. Rb3
d2 34. Kf2 Re4 35. Re3 Ke5 36. Ke2 Kf5 37. Rxe4 Kxe4 38. Rxd2 Rxd2+ 39. Kxd2
Kf3 40. b4 Kxg3 41. Ke2 Kxh4 42. Kf2 Kg4 43. a4 Kf5 44. b5 Ke6 45. a5 Kd7 46.
Kg3 Kd6 47. Kh4 Kc5 48. b6 axb6 1/2-1/2

[Event "XXXIV Memorial Edoardo Crespi A"]
[Site "Milano ITA"]
[Date "2013.12.07"]
[Round "4"]
[White "Mouflih, Caesar Faycal"]
[Black "Di Lascio, Savino"]
[WhiteElo "2026"]
[BlackElo "1893"]
[Result "1-0"]
[PlyCount "61"]
[EventDate "2013.12.04"]

1. e4 c6 2. d4 d5 3. Nc3 dxe4 4. Nxe4 Nf6 5. Nxf6+ gxf6 6. c3 Bf5 7. Nf3 e6 8.
g3 Qd5 9. Bg2 Qb5 10. Qb3 Bd3 11. Qxb5 Bxb5 12. Bf4 Nd7 13. a4 Bc4 14. Nd2 Bd3
15. a5 a6 16. O-O-O O-O-O 17. Rhe1 h5 18. h4 c5 19. Ne4 Bxe4 20. Bxe4 cxd4 21.
Rxd4 e5 22. Rc4+ Kb8 23. Be3 Bd6 24. Rd1 Bc7 25. Rb4 Bxa5 26. Rxb7+ Kc8 27. Rd6
Nb8 28. Rxf6 Rd7 29. Rxf7 Rhd8 30. Rbxd7 Nxd7 31. Bf5 1-0

[Event "XXXIV Memorial Edoardo Crespi A"]
[Site "Milano ITA"]
[Date "2013.12.07"]
[Round "4"]
[White "Murli, Almerico"]
[Black "Papale, Carmelo"]
[WhiteElo "1817"]
[BlackElo "1838"]
[Result "0-1"]
[PlyCount "86"]
[EventDate "2013.12.04"]

1. e4 c5 2. Nf3 d6 3. d4 cxd4 4. Nxd4 Nf6 5. Nc3 a6 6. Bc4 e6 7. Bb3 Be7 8. O-O
Qc7 9. Be3 O-O 10. f4 Nc6 11. Qf3 Bd7 12. f5 Nxd4 13. Bxd4 b5 14. a3 a5 15. a4
b4 16. Ne2 exf5 17. exf5 Bc6 18. Qh3 Rfe8 19. Rae1 Ne4 20. Qg4 Bf6 21. Bxf6
Nxf6 22. Qg3 Ne4 23. Qd3 Nc5 24. Qg3 Qb6 25. Qf2 Re4 26. Ng3 Rxe1 27. Rxe1 Qb7
28. f6 Re8 29. Rxe8+ Bxe8 30. fxg7 Nxb3 31. cxb3 Qd5 32. Qc2 Bd7 33. h3 Be6 34.
Qc7 Kxg7 35. Qd8 Qe5 36. Kh2 Bxb3 37. Qd7 Be6 38. Qd8 h6 39. Qe7 d5 40. Qc5
Qxb2 41. Qxa5 b3 42. Nh5+ Kh7 43. Qd8 Qe5+ 0-1